| 000 | 01170pam a2200301 a 4500 | ||
|---|---|---|---|
| 001 | 1949947 | ||
| 003 | OSt | ||
| 005 | 20231026120444.0 | ||
| 008 | 870714r1988 enka b 000 0 eng | ||
| 010 | _a 87020599 | ||
| 020 | _a0521346282 | ||
| 020 | _a0521346967 (pbk.) | ||
| 040 |
_aDLC _cDLC _dDLC |
||
| 082 | _aWB141 P94 1988 | ||
| 100 | _4Edited by Jack, Dowie; Arthur, Elstein. | ||
| 245 | 0 | 0 |
_aProfessional Judgment: _ba reader in clinical decision making |
| 260 |
_aCambridge; _bCambridge University Press, _c1988. |
||
| 300 |
_axvi, 565 p. : _bill. ; _c23 cm. |
||
| 500 | _aReprints of papers originally published in various periodicals and monographs. | ||
| 500 | _aCompanion vol. to: Judgment and decision making / edited by Hal R. Arkes, Kenneth R. Hammond. 1986. | ||
| 504 | _aIncludes bibliographies. | ||
| 650 | 0 |
_aMedicine _910510 |
|
| 730 | 0 |
_aJudgment and decision making. _910513 |
|
| 856 | 4 | 2 |
_3Publisher description _uhttp://www.loc.gov/catdir/description/cam023/87020599.html |
| 856 | 4 | 1 |
_3Table of contents _uhttp://www.loc.gov/catdir/toc/cam028/87020599.html |
| 906 |
_a7 _bcbc _corignew _d1 _eocip _f19 _gy-gencatlg |
||
| 942 |
_2z _cO_SHELF |
||
| 999 |
_c4892 _d4892 |
||